[Event "LSS No Engine Cup 26 Preliminary 3"]
[Site "LSS email"]
[Date "2010.08.09"]
[Round "?"]
[White "Parlow, Ruediger"]
[Black "Fekete, David"]
[Result "1-0"]
[WhiteElo "651"]
[BlackElo "1332"]
[PlyCount "23"]
[EventDate "2010.08.10"]
[EventType "tourn (corr)"]
[EventRounds "6"]
[EventCountry "GER"]
[SourceTitle "Corr 2015"]
[Source "ChessBase"]
[SourceDate "2015.07.17"]
[SourceVersion "1"]
[SourceVersionDate "2015.07.17"]
[SourceQuality "1"]

1. d4 e6 2. e3 Nc6 3. Nf3 Nf6 4. Nc3 d5 5. Bb5 Bd6 6. 0-0 0-0 7. Bd3 e5 8. Ng5 e4 9. Bxe4 dxe4 10. f3 exf3 11. gxf3 Bb4 12. Nb5 1-0

[Event "OP-2010-0-01194"]
[Site "LSS email"]
[Date "2010.06.28"]
[Round "?"]
[White "Fekete, David"]
[Black "Szczepanski, Zbigniew"]
[Result "0-1"]
[WhiteElo "1453"]
[BlackElo "2423"]
[PlyCount "44"]
[EventDate "2010.06.24"]
[EventType "tourn (corr)"]
[EventRounds "4"]
[EventCountry "GER"]
[SourceTitle "Telechess CBM 143"]
[Source "ChessBase"]
[SourceDate "2011.07.15"]
[SourceVersion "1"]
[SourceVersionDate "2011.07.15"]
[SourceQuality "1"]

1. Nf3 Nf6 2. d4 g6 3. Bf4 Bg7 4. Nc3 0-0 5. Qd2 d5 6. 0-0-0 Ne4 7. Qe3 c5 8. Nxe4 dxe4 9. Qxe4 Nc6 10. Be5 Nxe5 11. dxe5 Qa5 12. a3 Rb8 13. Qh4 b5 14. e3 h6 15. Qxe7 b4 16. a4 b3 17. cxb3 Rxb3 18. Bd3 Qb4 19. Rd2 Qxa4 20. Bb1 Qa1 21. Re1 Ba6 22. Rc2 Rfb8 0-1

[Event "OP-2010-0-01194"]
[Site "LSS email"]
[Date "2010.06.28"]
[Round "?"]
[White "Jovanovic, Bratislav"]
[Black "Fekete, David"]
[Result "1-0"]
[WhiteElo "2164"]
[BlackElo "1329"]
[PlyCount "81"]
[EventDate "2010.06.24"]
[EventType "tourn (corr)"]
[EventRounds "4"]
[EventCountry "GER"]
[SourceTitle "Telechess CBM 143"]
[Source "ChessBase"]
[SourceDate "2011.07.15"]
[SourceVersion "1"]
[SourceVersionDate "2011.07.15"]
[SourceQuality "1"]

1. e4 e5 2. Nc3 Nc6 3. Bc4 Nf6 4. d3 Na5 5. Bb3 Nxb3 6. axb3 d5 7. exd5 Nxd5 8. Qe2 Nb4 9. f4 Bg4 10. Nf3 Bxf3 11. gxf3 Bc5 12. fxe5 0-0 13. Ne4 Bb6 14. Kd1 Qe8 15. Bd2 a5 16. c3 Qxe5 17. cxb4 Qxb2 18. Bc3 Qxb3+ 19. Qc2 Qxc2+ 20. Kxc2 axb4 21. Bxb4 Rfe8 22. Rxa8 Rxa8 23. Kc3 Ba5 24. d4 Bxb4+ 25. Kxb4 f5 26. Nc3 c6 27. Kc5 Re8 28. Rb1 Re3 29. Na4 Ra3 30. Rb4 h5 31. Kb6 Rxf3 32. Kxb7 Rf4 33. Kxc6 Rg4 34. Nc5 Kh7 35. Ne6 Kg6 36. Rb2 Kf7 37. d5 Rg6 38. Rb7+ Kf6 39. Rxg7 Rg4 40. Rxg4 hxg4 41. Nc5 1-0

[Event "LSS No Engine Cup 24 Preliminary 4"]
[Site "LSS email"]
[Date "2010.06.23"]
[Round "?"]
[White "Barna, Zsolt"]
[Black "Fekete, David"]
[Result "1-0"]
[WhiteElo "1261"]
[BlackElo "1332"]
[PlyCount "29"]
[EventDate "2010.06.24"]
[EventType "tourn (corr)"]
[EventRounds "6"]
[EventCountry "GER"]
[SourceTitle "Corr 2013"]
[Source "ChessBase"]
[SourceDate "2012.11.12"]
[SourceVersion "1"]
[SourceVersionDate "2012.11.12"]
[SourceQuality "1"]

1. e4 e5 2. Nf3 Nc6 3. Bc4 Bc5 4. b4 Bxb4 5. c3 Ba5 6. d4 exd4 7. 0-0 Nf6 8. Ba3 d6 9. e5 Nxe5 10. Nxe5 dxe5 11. Qb3 Qd7 12. Re1 e4 13. Nd2 Bxc3 14. Nxe4 Nxe4 15. Rxe4+ 1-0

[Event "LSS No Engine Cup 24 Preliminary 4"]
[Site "LSS email"]
[Date "2010.06.23"]
[Round "?"]
[White "Fekete, David"]
[Black "Boyd, John Michael"]
[Result "0-1"]
[WhiteElo "1327"]
[BlackElo "1923"]
[PlyCount "50"]
[EventDate "2010.06.24"]
[EventType "tourn (corr)"]
[EventRounds "6"]
[EventCountry "GER"]
[SourceTitle "Telechess CBM 143"]
[Source "ChessBase"]
[SourceDate "2011.07.15"]
[SourceVersion "1"]
[SourceVersionDate "2011.07.15"]
[SourceQuality "1"]

1. Nf3 d6 2. e4 Nf6 3. Nc3 g6 4. d4 Bg7 5. Be2 0-0 6. 0-0 Bg4 7. h3 Bxf3 8. Bxf3 Nc6 9. Be3 e5 10. d5 Ne7 11. Be2 Nd7 12. Qd3 f5 13. f3 f4 14. Bf2 g5 15. Qb5 Rb8 16. Bxa7 c6 17. Qb3 cxd5 18. Nxd5 Nxd5 19. Bxb8 Qxb8 20. Qxd5+ Kh8 21. Rfd1 Rf6 22. a4 h5 23. a5 Nc5 24. Ra3 Bf8 25. Bc4 Be7 0-1

[Event "LSS No Engine Cup 24 Preliminary 4"]
[Site "LSS email"]
[Date "2010.06.23"]
[Round "?"]
[White "Fekete, David"]
[Black "Jokmin, Guido"]
[Result "1-0"]
[WhiteElo "1908"]
[BlackElo "1113"]
[PlyCount "49"]
[EventDate "2010.06.24"]
[EventType "tourn (corr)"]
[EventRounds "6"]
[EventCountry "GER"]
[SourceTitle "Corr 2022"]
[Source "ChessBase"]
[SourceDate "2021.10.24"]
[SourceVersion "1"]
[SourceVersionDate "2021.10.24"]
[SourceQuality "1"]

1. e4 e5 2. Nf3 Nf6 3. d4 Nxe4 4. Bd3 d5 5. Nxe5 Qf6 6. 0-0 Bd6 7. Nd2 Bxe5 8. dxe5 Qxe5 9. Nxe4 dxe4 10. Bxe4 0-0 11. Re1 g6 12. Bxb7 Qf6 13. Bxa8 Na6 14. Bh6 Rd8 15. Qf3 Qxf3 16. Bxf3 Bf5 17. Rad1 Rb8 18. Re7 Nb4 19. c3 Nxa2 20. Bd5 Be6 21. Bxe6 fxe6 22. Rdd7 Nc1 23. Rg7+ Kf8 24. Rxh7+ Kg8 25. Rdg7+ 1-0

[Event "LSS No Engine Cup 24 Preliminary 4"]
[Site "LSS email"]
[Date "2010.06.23"]
[Round "?"]
[White "Fekete, David"]
[Black "Sebok, Janos"]
[Result "0-1"]
[WhiteElo "1332"]
[BlackElo "800"]
[PlyCount "31"]
[EventDate "2010.06.24"]
[EventType "tourn (corr)"]
[EventRounds "6"]
[EventCountry "GER"]
[SourceTitle "Corr 2015"]
[Source "ChessBase"]
[SourceDate "2015.07.17"]
[SourceVersion "1"]
[SourceVersionDate "2015.07.17"]
[SourceQuality "1"]

1. e4 Nc6 2. d4 e6 3. Nf3 d6 4. d5 Nb8 5. Bb5+ Bd7 6. dxe6 Bxb5 7. exf7+ Kxf7 8. Qd5+ Ke7 9. Ng5 Qe8 10. Qe6+ Kd8 11. Nf7+ Qxf7 12. Qxf7 Nf6 13. Bg5 Nbd7 14. e5 dxe5 15. Nc3 Ba6 16. Rd1 0-1

[Event "LSS No Engine Cup 23 Preliminary 6"]
[Site "LSS email"]
[Date "2010.06.04"]
[Round "?"]
[White "Fekete, David"]
[Black "Andrews, John"]
[Result "1-0"]
[WhiteElo "1428"]
[BlackElo "982"]
[PlyCount "49"]
[EventDate "2010.06.05"]
[EventType "tourn (corr)"]
[EventRounds "6"]
[EventCountry "GER"]
[SourceTitle "Telechess CBM 143"]
[Source "ChessBase"]
[SourceDate "2011.07.15"]
[SourceVersion "1"]
[SourceVersionDate "2011.07.15"]
[SourceQuality "1"]

1. e4 e5 2. Nf3 Nc6 3. d4 Nf6 4. d5 Ne7 5. Nxe5 d6 6. Bb5+ Bd7 7. Nxd7 Nxd7 8. 0-0 g6 9. Qd4 Rg8 10. Ba4 Bg7 11. Qb4 Rb8 12. Nc3 f6 13. Be3 Kf7 14. Bxa7 Ra8 15. Qxb7 Re8 16. f4 Ng8 17. e5 fxe5 18. Bxd7 Qxd7 19. fxe5+ Ke7 20. exd6+ Qxd6 21. Rae1+ Kd7 22. Qb5+ c6 23. Qb7+ Qc7 24. dxc6+ Kd6 25. Rd1+ 1-0

[Event "LSS No Engine Cup 23 Preliminary 6"]
[Site "LSS email"]
[Date "2010.06.04"]
[Round "?"]
[White "Fekete, David"]
[Black "Latta, Hynek"]
[Result "1-0"]
[WhiteElo "1449"]
[BlackElo "1753"]
[PlyCount "51"]
[EventDate "2010.06.05"]
[EventType "tourn (corr)"]
[EventRounds "6"]
[EventCountry "GER"]
[SourceTitle "Telechess CBM 143"]
[Source "ChessBase"]
[SourceDate "2011.07.15"]
[SourceVersion "1"]
[SourceVersionDate "2011.07.15"]
[SourceQuality "1"]

1. c4 e5 2. Nc3 Nf6 3. Nf3 Nc6 4. e4 Bb4 5. a3 Bxc3 6. dxc3 Nxe4 7. Bd3 Nc5 8. Bc2 d6 9. b4 Nd7 10. 0-0 0-0 11. Qe2 f5 12. c5 dxc5 13. Bb3+ Kh8 14. Ng5 Nf6 15. b5 Na5 16. Nf7+ Rxf7 17. Bxf7 Qe7 18. Ba2 Be6 19. Qxe5 Re8 20. Bxe6 Qxe6 21. Qxc7 Nb3 22. Rb1 Nd5 23. Qxb7 Nxc3 24. Bb2 Ne2+ 25. Kh1 Nd2 26. Qxg7# 1-0

[Event "LSS No Engine Cup 23 Preliminary 6"]
[Site "LSS email"]
[Date "2010.06.04"]
[Round "?"]
[White "Fekete, David"]
[Black "Molina, Vicente Andres"]
[Result "1-0"]
[WhiteElo "1449"]
[BlackElo "839"]
[PlyCount "49"]
[EventDate "2010.06.05"]
[EventType "tourn (corr)"]
[EventRounds "6"]
[EventCountry "GER"]
[SourceTitle "Telechess CBM 143"]
[Source "ChessBase"]
[SourceDate "2011.07.15"]
[SourceVersion "1"]
[SourceVersionDate "2011.07.15"]
[SourceQuality "1"]

1. d4 g6 2. e4 Bg7 3. Nc3 c6 4. Nf3 d6 5. Bd3 Nd7 6. 0-0 e5 7. dxe5 dxe5 8. Qe2 Ne7 9. Be3 0-0 10. a4 Nf6 11. Bc4 Be6 12. Bxe6 fxe6 13. Rfd1 Qc7 14. Ng5 Qc8 15. Bc5 Re8 16. Rd6 Nd7 17. Be3 Nf8 18. Qf3 Nf5 19. exf5 exf5 20. Qe2 Bh6 21. Qc4+ Kh8 22. Nf7+ Kg7 23. Bxh6+ Kg8 24. Ng5+ Kh8 25. Qf7 1-0

[Event "LSS BI-2010-P-00028"]
[Site "LSS email"]
[Date "2010.04.19"]
[Round "?"]
[White "Fekete, David"]
[Black "Endean, Andrew"]
[Result "1/2-1/2"]
[WhiteElo "1332"]
[BlackElo "1586"]
[PlyCount "37"]
[EventDate "2010.04.22"]
[EventType "tourn (corr)"]
[EventRounds "10"]
[EventCountry "GER"]
[SourceTitle "Telechess CBM 147"]
[Source "ChessBase"]
[SourceDate "2012.03.16"]
[SourceVersion "1"]
[SourceVersionDate "2012.03.16"]
[SourceQuality "1"]

1. e4 c5 2. Nf3 d6 3. d4 cxd4 4. Nxd4 Nf6 5. Nc3 a6 6. Bc4 e6 7. Bb3 b5 8. 0-0 Be7 9. f4 0-0 10. e5 dxe5 11. fxe5 Nfd7 12. Qh5 Nc6 13. Nxc6 Qb6+ 14. Be3 Qxc6 15. Rf3 Bb7 16. Rg3 g6 17. Qh6 Rfd8 18. Rf1 Nxe5 19. Ne2 1/2-1/2

[Event "LSS BI-2010-P-00028"]
[Site "LSS email"]
[Date "2010.04.19"]
[Round "?"]
[White "Fekete, David"]
[Black "Kesselmann, Bruno"]
[Result "1-0"]
[WhiteElo "1461"]
[BlackElo "1022"]
[PlyCount "49"]
[EventDate "2010.04.22"]
[EventType "tourn (corr)"]
[EventRounds "10"]
[EventCountry "GER"]
[SourceTitle "Telechess CBM 141"]
[Source "ChessBase"]
[SourceDate "2011.03.17"]
[SourceVersion "1"]
[SourceVersionDate "2011.03.17"]
[SourceQuality "1"]

1. e4 c5 2. Nf3 d6 3. d4 cxd4 4. Nxd4 Nf6 5. Nc3 a6 6. Bc4 e6 7. Bb3 Nbd7 8. f4 Nc5 9. e5 Nxb3 10. axb3 dxe5 11. fxe5 Bc5 12. Be3 Nd5 13. Nxe6 Bxe6 14. Bxc5 Nxc3 15. bxc3 Qh4+ 16. Kf1 Rd8 17. Bd6 Qf4+ 18. Qf3 Qf5 19. Re1 Qxc2 20. Qxb7 Qd3+ 21. Kg1 Rxd6 22. exd6 0-0 23. Qe4 Qxd6 24. b4 Rc8 25. Qd4 1-0

[Event "LSS BI-2010-P-00028"]
[Site "LSS email"]
[Date "2010.04.19"]
[Round "?"]
[White "Fekete, David"]
[Black "Llorente Alvarez, Jose Luis"]
[Result "0-1"]
[WhiteElo "1448"]
[BlackElo "2110"]
[PlyCount "114"]
[EventDate "2010.04.22"]
[EventType "tourn (corr)"]
[EventRounds "10"]
[EventCountry "GER"]
[SourceTitle "Telechess CBM 141"]
[Source "ChessBase"]
[SourceDate "2011.03.17"]
[SourceVersion "1"]
[SourceVersionDate "2011.03.17"]
[SourceQuality "1"]

1. e4 c5 2. Nf3 d6 3. d4 cxd4 4. Nxd4 Nf6 5. Nc3 g6 6. Be3 Bg7 7. f3 0-0 8. Qd2 Nc6 9. Bc4 Bd7 10. 0-0-0 Rc8 11. Bb3 Ne5 12. h4 h5 13. Bg5 Rc5 14. f4 Nc4 15. Qd3 Ng4 16. Nd5 Rxd5 17. exd5 Nce3 18. Rd2 Nf5 19. Nxf5 Bxf5 20. Qb5 Qc7 21. Re1 f6 22. Rde2 a6 23. Qb4 Re8 24. a4 fxg5 25. hxg5 Rc8 26. a5 Bf8 27. g3 Qc5 28. Qb6 Qxb6 29. axb6 Kf7 30. c3 Rc5 31. Rd1 Rb5 32. Bc4 Rxb6 33. b3 Bg7 34. Kd2 e5 35. dxe6+ Ke7 36. Rc1 d5 37. Bxd5 Rd6 38. c4 Bd4 39. Ke1 Bc5 40. Kd2 Nf2 41. Kc3 Nd3 42. Rf1 Bb4+ 43. Kd4 Nc5 44. Rb2 Nxe6+ 45. Ke3 Bc3 46. Re2 Nd4 47. Ra2 Nxb3 48. Kf2 b5 49. cxb5 Rxd5 50. bxa6 Bd4+ 51. Kg2 Ba7 52. Re2+ Kd6 53. Ra2 Nc5 54. Re1 Rd3 55. Re8 Ne6 56. Re2 Bg4 57. f5 Bxf5 0-1

[Event "OP-2010-0-01125"]
[Site "LSS email"]
[Date "2010.04.01"]
[Round "?"]
[White "Fekete, David"]
[Black "Vontina, Maria"]
[Result "1-0"]
[WhiteElo "1333"]
[BlackElo "605"]
[PlyCount "41"]
[EventDate "2010.03.24"]
[EventType "tourn (corr)"]
[EventRounds "4"]
[EventCountry "GER"]
[SourceTitle "Telechess CBM 141"]
[Source "ChessBase"]
[SourceDate "2011.03.17"]
[SourceVersion "1"]
[SourceVersionDate "2011.03.17"]
[SourceQuality "1"]

1. c4 Nf6 2. d4 g6 3. Nc3 Bg7 4. e4 d6 5. Nf3 0-0 6. Be2 Bg4 7. 0-0 Nc6 8. Be3 a6 9. h3 Bd7 10. Qb3 Rb8 11. Rad1 Qc8 12. Qa3 Nh5 13. c5 dxc5 14. Qxc5 Nf6 15. d5 Nd8 16. e5 Ne8 17. Qxe7 Bf5 18. Nd4 Qd7 19. Nxf5 Qxf5 20. f4 Qc8 21. Bg4 1-0

[Event "LSS No Engine Cup 17 Preliminary 1"]
[Site "LSS email"]
[Date "2010.02.21"]
[Round "?"]
[White "Fekete, David"]
[Black "Navarro Segura, Roberto"]
[Result "1-0"]
[WhiteElo "1428"]
[BlackElo "1622"]
[PlyCount "59"]
[EventDate "2010.02.22"]
[EventType "tourn (corr)"]
[EventRounds "6"]
[EventCountry "GER"]
[SourceTitle "Telechess CBM 141"]
[Source "ChessBase"]
[SourceDate "2011.03.17"]
[SourceVersion "1"]
[SourceVersionDate "2011.03.17"]
[SourceQuality "1"]

1. e4 c6 2. d4 d5 3. exd5 cxd5 4. c4 Nf6 5. Nf3 e6 6. Nc3 Nc6 7. Bg5 dxc4 8. Bxc4 Bb4 9. 0-0 Bxc3 10. bxc3 0-0 11. Bd3 h6 12. Bh4 Re8 13. Qa4 Qa5 14. Qxa5 Nxa5 15. Ne5 g5 16. Bg3 Rd8 17. f4 g4 18. Bh4 Kg7 19. Nxg4 Nxg4 20. Bxd8 Nc6 21. Bh4 Ne3 22. Rf3 Nf5 23. Bxf5 exf5 24. Rg3+ Kf8 25. d5 Ne7 26. Bxe7+ Kxe7 27. Rg8 b6 28. Re1+ Kd7 29. Ree8 a5 30. Rd8+ 1-0

[Event "LSS No Engine Cup 17 Preliminary 1"]
[Site "LSS email"]
[Date "2010.02.21"]
[Round "?"]
[White "Fekete, David"]
[Black "Nyeste, Gyula"]
[Result "1-0"]
[WhiteElo "1332"]
[BlackElo "859"]
[PlyCount "25"]
[EventDate "2010.02.22"]
[EventType "tourn (corr)"]
[EventRounds "6"]
[EventCountry "GER"]
[SourceTitle "Corr 2015"]
[Source "ChessBase"]
[SourceDate "2015.07.17"]
[SourceVersion "1"]
[SourceVersionDate "2015.07.17"]
[SourceQuality "1"]

1. e4 c5 2. Nf3 e6 3. Nc3 d6 4. Bc4 Nf6 5. d4 Nbd7 6. dxc5 dxc5 7. e5 Nh5 8. g4 Nhf6 9. exf6 Qxf6 10. Bg5 Qg6 11. Bd3 f5 12. gxf5 exf5 13. Qe2+ 1-0

[Event "LSS No Engine Cup 16 Preliminary 2"]
[Site "LSS email"]
[Date "2010.02.07"]
[Round "?"]
[White "Komissarov, Yaroslav"]
[Black "Fekete, David"]
[Result "1-0"]
[WhiteElo "2000"]
[BlackElo "1327"]
[PlyCount "79"]
[EventDate "2010.02.08"]
[EventType "tourn (corr)"]
[EventRounds "6"]
[EventCountry "GER"]
[SourceTitle "Telechess CBM 141"]
[Source "ChessBase"]
[SourceDate "2011.03.17"]
[SourceVersion "1"]
[SourceVersionDate "2011.03.17"]
[SourceQuality "1"]

1. e4 e6 2. d4 d5 3. Nc3 Bb4 4. e5 c5 5. Bd2 Nh6 6. a3 Bxc3 7. Bxc3 b6 8. b4 cxd4 9. Bxd4 0-0 10. Nf3 Qd7 11. b5 Nf5 12. Bb2 Qc7 13. Bd3 Nd7 14. 0-0 Bb7 15. Re1 Rac8 16. Rc1 Nc5 17. Bxf5 exf5 18. Nd4 Qd7 19. Qf3 Na4 20. Ba1 g6 21. e6 fxe6 22. Rxe6 Nc5 23. Re2 Rfe8 24. Rce1 Re4 25. Qg3 f4 26. Qg5 Qd8 27. Qg4 Qf8 28. f3 Rxe2 29. Rxe2 Qf6 30. Nb3 Qf7 31. Nxc5 bxc5 32. Be5 a6 33. b6 Re8 34. Kf2 Re6 35. Qh4 Qe7 36. Qxf4 Bc8 37. c4 d4 38. Re4 Bb7 39. Bf6 Qxf6 40. Qb8+ 1-0

[Event "ZL-2010-0-00659"]
[Site "LSS email"]
[Date "2010.02.05"]
[Round "?"]
[White "Zimmermann, Jan Erik"]
[Black "Fekete, David"]
[Result "0-1"]
[WhiteElo "1014"]
[BlackElo "1266"]
[PlyCount "58"]
[EventDate "2010.01.24"]
[EventType "match (corr)"]
[EventRounds "2"]
[EventCountry "GER"]
[SourceTitle "Corr 2013"]
[Source "ChessBase"]
[SourceDate "2012.11.12"]
[SourceVersion "1"]
[SourceVersionDate "2012.11.12"]
[SourceQuality "1"]

1. e4 e6 2. d4 d5 3. Nd2 c5 4. c3 cxd4 5. cxd4 Nc6 6. Bb5 dxe4 7. Bxc6+ bxc6 8. Nxe4 Bb4+ 9. Nc3 Ne7 10. Nge2 Ba6 11. 0-0 0-0 12. a3 Bd6 13. Qa4 Qb6 14. b4 Nd5 15. Be3 Nxc3 16. Nxc3 Bxf1 17. Kxf1 a5 18. b5 Rfc8 19. d5 cxb5 20. Qxb5 Qb8 21. Qxb8 Raxb8 22. Ne4 Be5 23. Rd1 Rd8 24. f4 Rxd5 25. Rxd5 exd5 26. Nd2 Bd6 27. Ke2 a4 28. g3 Bxa3 29. Bd4 Bb2 0-1

[Event "LSS No Engine Cup 15 Preliminary 6"]
[Site "LSS email"]
[Date "2010.01.24"]
[Round "?"]
[White "Bester, Kazimierz"]
[Black "Fekete, David"]
[Result "0-1"]
[WhiteElo "645"]
[BlackElo "1192"]
[PlyCount "52"]
[EventDate "2010.01.25"]
[EventType "tourn (corr)"]
[EventRounds "6"]
[EventCountry "GER"]
[SourceTitle "Corr 2013"]
[Source "ChessBase"]
[SourceDate "2012.11.12"]
[SourceVersion "1"]
[SourceVersionDate "2012.11.12"]
[SourceQuality "1"]

1. e4 e6 2. f4 Nc6 3. d4 Qf6 4. Nf3 Qg6 5. Qe2 Nf6 6. Nbd2 d5 7. f5 Qg4 8. h3 Qg3+ 9. Qf2 Qxf2+ 10. Kxf2 dxe4 11. Ne5 Nxd4 12. c3 e3+ 13. Kxe3 Nc2+ 14. Kf3 Nxa1 15. Bd3 exf5 16. b3 Nd7 17. Nxd7 Bxd7 18. Bb2 Bc6+ 19. Kg3 Rd8 20. Re1+ Be7 21. Ba3 Rxd3+ 22. Nf3 Be4 23. Bxe7 Nc2 24. Re2 Kxe7 25. Rxc2 Rxf3+ 26. gxf3 Bxc2 0-1

[Event "LSS No Engine Cup 13 Preliminary 2"]
[Site "LSS email"]
[Date "2009.12.27"]
[Round "?"]
[White "Fekete, David"]
[Black "Vio, Mauro"]
[Result "1-0"]
[WhiteElo "1332"]
[BlackElo "1597"]
[PlyCount "69"]
[EventDate "2009.12.28"]
[EventType "tourn (corr)"]
[EventRounds "6"]
[EventCountry "GER"]
[SourceTitle "Corr 2013"]
[Source "ChessBase"]
[SourceDate "2012.11.12"]
[SourceVersion "1"]
[SourceVersionDate "2012.11.12"]
[SourceQuality "1"]

1. e4 c5 2. Nf3 Nc6 3. Nc3 e5 4. Bc4 Be7 5. 0-0 Nf6 6. b3 0-0 7. Bb2 d6 8. Qe2 Bg4 9. Nd5 Nxd5 10. Bxd5 Nb4 11. Bxb7 Rb8 12. Bd5 Nxc2 13. Rac1 Nd4 14. Bxd4 exd4 15. h3 Bxf3 16. Qxf3 Bg5 17. Qe2 Qe7 18. f4 Bf6 19. a3 a5 20. Qa6 Qd8 21. Qa7 h6 22. g3 Be7 23. Rce1 h5 24. h4 Bf6 25. Kg2 Rc8 26. Qa6 Qd7 27. Qxa5 Qg4 28. Rh1 Rcd8 29. Qa6 Qg6 30. b4 cxb4 31. axb4 Rfe8 32. b5 Rc8 33. b6 Rc2 34. Qd3 Rc5 35. b7 1-0

[Event "LSS No Engine Cup Gr12 prel 07 email"]
[Site "LSS email"]
[Date "2009.12.11"]
[Round "?"]
[White "Pehl, Ferenc"]
[Black "Fekete, David"]
[Result "1/2-1/2"]
[WhiteElo "937"]
[BlackElo "1084"]
[PlyCount "73"]
[EventDate "2009.12.12"]
[EventType "tourn (corr)"]
[EventRounds "6"]
[EventCountry "GER"]
[SourceTitle "Telechess CBM 137"]
[Source "ChessBase"]
[SourceDate "2010.07.15"]
[SourceVersion "1"]
[SourceVersionDate "2010.07.15"]
[SourceQuality "1"]
[BlackTeam "Netherlands"]
[BlackTeamCountry "NED"]

1. e4 e6 2. d4 d5 3. exd5 exd5 4. h3 Nc6 5. Nf3 Nf6 6. Bb5 Bd6 7. 0-0 0-0 8. Bxc6 bxc6 9. a3 Bf5 10. Nc3 Re8 11. Bg5 h6 12. Bh4 a6 13. Re1 Rxe1+ 14. Qxe1 Bxc2 15. Rc1 Bf5 16. Ne5 Qe8 17. Bxf6 gxf6 18. Nf3 Qxe1+ 19. Rxe1 Kg7 20. Na4 Rb8 21. b4 a5 22. bxa5 Bxa3 23. Nc5 Bxc5 24. dxc5 Ra8 25. Ra1 Ra6 26. Nd4 Bd3 27. f3 Kf8 28. Kf2 h5 29. g3 Bc4 30. g4 Kg7 31. f4 hxg4 32. hxg4 Bd3 33. Ke3 Bb5 34. f5 Kf8 35. Kf4 Ke8 36. g5 Ke7 37. Ra3 1/2-1/2